000 003360000a22001450004500
001 005922
003 MACL
040 _aMACL
090 _c13094
_d13093
245 _aZindagani Be Nazeer
_bShahbaz Abdul Ghafoor
260 _aMatba Munshi Nawal Kishor Lucknow,
_c1900
350 _a3.00
650 _aUrdu Literature
942 _k891
_cBook
999 _c13021
_d13021